[Event "Caissa intern 2016-2017"]
[Site "?"]
[Date "2016.12.13"]
[Round "14"]
[White "Bolhuis, Ridens"]
[Black "Witt, Rob"]
[Result "0-1"]
[WhiteElo "1936"]
[BlackElo "2201"]
[Annotator "Witt"]
[PlyCount "84"]
[EventDate "2016.??.??"]

{Ik had eigenlijk zwart tegen Gertjan vd Hoeven verwacht en dan scheelt Ridens
Bolhuis een slok op een borrel. Maar van onderschatting was geen spraken want
hij had een goede partij van Marc Overeem gewonnen en remise gemaakt tegen
Alje Hovenga en Ed Roering.} 1. Nf3 Nf6 2. c4 b6 3. g3 Bb7 4. Bg2 c5 5. O-O g6
{Ik had wel zin in het zogenaamde dubbelfianchetto.} 6. e3 {Maar van deze zet
weet ik niks af.} Bg7 7. d4 O-O 8. Nc3 cxd4 ({Ik keek in eerste instantie naar
} 8... Ne4 {Dat blijkt de beste zet te zijn. Maar ik wist niet wat ik moest
denken van} 9. Nxe4 ({Meestal doet wit} 9. Bd2) 9... Bxe4 10. d5 {Mijn loper
is echter niet in gevaar na} e6 11. Bh3 $6 exd5 12. cxd5 Na6 13. Ne1 Nc7 $15)
9. exd4 Qc8 10. Qe2 d5 11. Rd1 $146 (11. cxd5 Nxd5 12. Nxd5 Bxd5 13. Qxe7 Nc6
14. Qe3 Rd8 $15 {1/2-1/2 (14) Bunzmann,D (2509)-Guidarelli,L (2323) Athens 2001
}) ({Het beste lijkt} 11. b3) 11... e6 $2 {Te snel gespeeld.} ({Er was niks
tegen} 11... dxc4 {Ik weet niet meer waarom ik dit verworpen heb.} 12. Qxe7 {
is geen probleem wegens} Re8 13. Qd6 Ne4 {met minstens gelijkspel.}) 12. b3 Rd8
$6 13. Bf4 $1 {Brengt de dreiging Pb5 in de stelling. Dat wil ik kunnen
beantwoorden met Pe8 zonder met Lg5 lastig te worden gevallen.} h6 {Oogt toch
wel een beetje vreemd.} ({Beter kijkt toch maar} 13... Nc6 14. Nb5 {en nu} a6
15. Rac1 $1 ({want op} 15. Nd6 {heeft zwart} Rxd6 $1 16. Bxd6 Ne4 {maar dat
heb ik natuurlijk niet gezien.}) 15... axb5 16. cxb5 Qd7 17. bxc6 Bxc6 18. Ne5
Bb5 {Dat gaat allemaal net goed.}) 14. Nb5 Ne8 15. Be5 {Geen slechte zet, maar
wit had een betere.} ({Simpel} 15. Rac1 {vond ik heel vervelend. Bijv.} Qd7 16.
Ne5 Qe7 17. h4 $16) 15... Nd7 $6 (15... a6) 16. Bxg7 (16. Rac1 $1) 16... Kxg7
17. Rac1 Qb8 18. Ne5 a6 19. Nxd7 ({Ridens had lang gekeken naar} 19. cxd5 Nxe5
({of} 19... axb5 20. Nxf7 Kxf7 21. dxe6+ Kg7 22. exd7 Rxd7) 20. Nc7 Nd7 $1 {
In beide gevallen met een rommeltje dat de engine als beter voor zwart
beoordeelt.}) 19... Rxd7 {Ik heb inmiddels het ergste achter de rug.} 20. c5 $2
{Verkeerd plan, cq verkeerd gerekend.} (20. Nc3 $14) 20... Bc6 $2 {Idem!} (
20... axb5 21. c6 Bxc6 22. Rxc6 {vond ik niet zo overtuigend. De pluspion met
+1.00 waarderen lijkt me optimistisch.}) ({Maar wel sterk was} 20... bxc5 21.
dxc5 axb5 22. c6 Bxc6 23. Rxc6 $17 {Deze variant had ik verworpen omdat ik in
deze stelling nog eeen witte pion op d4 had staan.}) 21. Na3 {Die had ik
helemaal gemist.} ({Ik verwachtte} 21. Nc3 a5 {met onduidelijke stelling.})
21... b5 22. b4 a5 $6 {Ook niet geweldig.} 23. Nc2 axb4 24. Nxb4 Qc8 25. Nd3 {
Het paard stond prima op b4. Ridens wil echter op koningsaanval spelen.} (25.
Qe5+ Kg8 26. Bf1 $16) 25... Rda7 26. Rd2 Ra4 27. h4 (27. Rb2) 27... Nf6 28. Ne5
{Hierna is de stelling weer onduidelijk.} (28. Qe5 Qb8 29. Bf1) 28... Qc7 (
28... Ne4) 29. g4 (29. Nxc6 Qxc6 30. Qe5 Qc8 31. g4 Qb8) 29... Nd7 (29... Ne4
$5) 30. f4 Rb4 $2 (30... Nxe5 31. fxe5 Qe7 $13) 31. h5 (31. Nxc6 $1 Qxc6 32. h5
) 31... Nxe5 32. fxe5 Qe7 33. Rf1 Qg5 34. hxg6 Qxg6 35. Rf6 Qg5 {We hebben
hier allebei nog 5 minuten.} 36. Qf2 Be8 37. Kh2 Raa4 (37... Ra3 $5) 38. Rf4
Ra3 39. Bf1 Rb1 40. Rb2 $4 {A tempo deze blunder.} (40. Bd3 Ra1 41. Bxb5) 40...
Ra1 $4 {Ook a tempo. Waarschijnlijk omdat ik dat wilde spelen op Ld3 wat ik
verwacht had.} (40... Rxb2 41. Qxb2 Qxf4+) 41. Bxb5 R1xa2 {Ik zag dat Ridens
in verwarring was.} (41... Bxb5 {Lijkt te verliezen na} 42. Rxf7+ Kg6 43. Rf6+
Kh7 $1 44. Rxb5 {maar zwart maakt remise met} Rh1+ $1 45. Kxh1 Rh3+ 46. Kg1
Qxg4+ 47. Qg2 Qxd4+ {enz.}) 42. Bxe8 $4 ({Wit kon remise maken met} 42. Rxa2
Rxa2 43. Rxf7+ Bxf7 44. Qxa2 {Een mogelijk vervolg is dan} Qf4+ 45. Kh3 Qxd4
46. c6 Qxe5 47. Qh2 Qxh2+ 48. Kxh2 e5 49. Kg3 Kf6 50. c7 Be6 51. Ba6 Kg5 52.
c8=Q Bxc8 53. Bxc8 $11) (42. Rxf7+ {komt op hetzelfde neer.}) 42... Qxf4+ $1 {
En terwijl de seconden wegtikten gaf Ridens op.} ({Het eindspel is kansloos na
} 42... Qxf4+ 43. Qxf4 Rxb2+ 44. Kg1 Ra1+ 45. Qf1 Rxf1+ 46. Kxf1 Kf8 47. Ba4
Rb4) 0-1

[Event "Caissa intern 2016-2017"]
[Site "?"]
[Date "2016.12.06"]
[Round "13"]
[White "Witt, Rob"]
[Black "Roering, Ed"]
[Result "1/2-1/2"]
[WhiteElo "2201"]
[BlackElo "2203"]
[Annotator "Witt"]
[PlyCount "44"]
[EventDate "2016.??.??"]

1. d4 d5 2. Bf4 {In een opwelling besloot ik zonder enige kennis van zaken
deze modezet te proberen.} Nf6 3. e3 e6 4. Nd2 c5 5. c3 Bd6 6. Bg3 Nc6 7. Ngf3
{Na een kwartier.} O-O 8. Bd3 b6 9. e4 {Hier begon Ed voor het eerst serieus
na te denken.} ({De meeste partijen gaan verder met} 9. Ne5 Bb7 10. f4 Ne7 11.
Qf3 Nf5 12. Bf2 {En met deze stelling had Ed begin dit jaar ervaring opgedaan
in Wijk aan Zee.}) 9... dxe4 ({De engine geeft als beter} 9... Be7 {En in de
database zie ik o.a. drie partijen van Nakamura met deze zet.}) 10. Nxe4 Nxe4
11. Bxe4 Bb7 {Ik dacht hier lang na zonder iets concreets te zien. Maar omdat
je op een gegeven moment toch een zet moet doen, deed ik maar} 12. dxc5 Bxc5
13. Qc2 $2 ({Ik had lang gekeken naar} 13. Ne5 Nxe5 ({Maar ik zag niks
bijzonders na} 13... Qc8 14. Qd7 Nxe5 15. Qxc8 Nd3+ 16. Ke2 Bxe4 {Een beetje
versuft concludeerde ik dat zwart hier beter stond met drie stukken voor de
dame. Nu ik nog eens kijk blijkt zwart maar twee stukken voor de dame te
hebben! Desondanks vind de engine dat zwart volwaardige compensatie heeft.} 17.
Qd7 Nxb2 18. Qd2 Ba3 $13) 14. Bxb7 Nd3+ 15. Ke2 Nxb2 16. Qc2 {Dit zag ik nog
wel zitten voor wit, al is het heel onduidelijk.}) ({Volgens Sedlak is} 13. Qa4
$1 {'The keymove'. Ik had er wel even naar gekeken, maar zag niet waarom dit
zo sterk zou zijn. Dat moet ik nog eens bekijken.}) 13... h6 ({Ik heb niet
eens gekeken naar} 13... f5 $5 {Misschien staat zwart wel beter na} 14. Bd3 Qf6
) 14. Rd1 Qc8 15. Bd6 $2 {Ik dacht dat dit min of meer gedwongen was wegens de
dreiging f7-f5-f4. Maar dat blijkt onzin te zijn. Ik had geen zin meer in de
partij en had mijn slechte zet vergezeld laten gaan met een remiseaanbod.} ({
Er was niks met gewoon} 15. O-O {en op} f5 16. Bd3 f4 $2 17. Bh4 {staat} g5 $2
18. Bxg5 hxg5 19. Nxg5 $18 {gelijk met zelfmoord.}) 15... Bxd6 {Ed had er nog
wel zin in en hij staat inderdaad ietsje beter.} 16. Rxd6 Qc7 17. Rd2 Rad8 $2 (
{Kennelijk zag Ed niet waarom hij beter staat.Sterk was} 17... f5 $1 {en zowel
na} 18. Bd3 ({als na} 18. Bxc6) 18... Ne5 19. Be2 Nxf3+ {staat zwart goed.})
18. O-O Rxd2 19. Qxd2 Rd8 20. Qe2 Na5 21. Bxb7 Nxb7 22. Rd1 Rxd1+ {met
remiseaanbod wat ik meteen accepteerde.} 1/2-1/2

[Event "Caissa intern 2016-2017"]
[Site "?"]
[Date "2016.12.20"]
[Round "15"]
[White "Witt, Rob"]
[Black "Van der Hoeven, Gertjan"]
[Result "1/2-1/2"]
[WhiteElo "2201"]
[BlackElo "2257"]
[Annotator "Witt"]
[PlyCount "105"]
[EventDate "2016.??.??"]

{Mijn laatste partij van 2016 en tevens de laatste ronde van de eerste interne
cyclus. De winnaar kon nog 3e worden als Alje Hovenga zou verliezen van
Blanchard. De 3e plaats geeft recht op een plek in het eerste team volgend
seizoen. Ik had me een week eerder met zwart wat voorbereid op Gertjan maar
toen moest ik met wit tegen Ridens Bolhuis. Tot mijn onaangename (?)
verrassing bleek ik nu opnieuw wit te hebben.} 1. d4 Nf6 2. c4 g6 3. Nc3 Bg7 4.
e4 d6 5. f3 O-O 6. Be3 c5 7. Nge2 {Ik geloof dat ik dit voor het eerst speel
in een serieuze partij.} ({Eerder heb ik o.a. tegen Gertjan de pion aangenomen
} 7. dxc5 dxc5 8. Qxd8 Rxd8 9. Bxc5 Nc6 10. Nge2 {maar ik vind het niet veel
meer na} b6 $1) 7... Nc6 ({Ik heb Gertjan ook wel eens} 7... Qa5 {zien spelen.}
) 8. d5 Ne5 9. Ng3 e6 ({Ik weet nog wel iets van meteen} 9... h5 10. Be2 h4 11.
Nf1 e6 12. Nd2 ({Op} 12. f4 {kwam het verbazingwekkende nieuwtje} Nxc4 {
in de bekende partij Svidler,P (2747)-Grischuk,A (2764) London 2013 (41.½-½)}
) 12... exd5 13. cxd5) 10. Be2 exd5 11. cxd5 h5 12. O-O Nh7 13. h3 $6 {Met het
verkeerde idee dat ik f5 met f4 moet kunnen beantwoorden.} ({Normaal is} 13.
Qd2 h4 14. Nh1 f5 ({of} 14... g5) 15. Nf2) 13... h4 14. Nh1 f5 15. f4 ({
Ook hier geniet} 15. Qd2 {de voorkeur. Ik zie in de database o.a. 3 partijen
van Chris Ward die in 2004 een aardig boekje over de Sämisch heeft
gepubliceerd.}) 15... Nf7 16. exf5 (16. Nf2 Re8 {vond ik vervelend.}) (16. e5
dxe5 17. Bxc5 Re8 {leek me niks voor wit.}) 16... Bxf5 17. Nf2 ({Ik keek ook
naar} 17. Qd2 Re8 18. Bf2 {maar dat vond mijn paard op h1 niet leuk.}) 17...
Re8 18. Qd2 {Hierna dacht 20 minuten na.} Qb6 ({Een andere mogelijkheid was} 
18... Qe7 19. Nfd1) 19. Rac1 {Misschien waren hier betere zetten?} ({Wellicht
ook} 19. Nfd1 $5) 19... Rxe3 {Zwart had ook andere zetten maar dit is typisch
de stijl van Gertjan. Als hij een kwaliteit kan offeren met een onduidelijke
stelling als resultaat, zal hij dat niet nalaten.} 20. Qxe3 Bd4 ({Stockfish
geeft de voorkeur aan} 20... Qxb2 {maar dat was niet de bedoeling van Gertjan
omdat wit dan ook aktief kan worden na bijv.} 21. Qf3 a6 22. Bd3 b5 23. Rc2 Qa3
24. Bxf5 gxf5 25. Nfd1) 21. Qd2 Re8 {Deze stelling had Gertjan voor ogen toen
hij uiteindelijk tot Db6 besloot.} 22. Ncd1 $6 ({Ten onrechte verwierp ik hier
} 22. Bg4 $1 {wegens} Be3 ({Beter dan} 22... Nh6 23. Rfe1 Rxe1+ 24. Rxe1 Bxg4
25. Re8+ Kf7 26. Qe1 Qc7 27. hxg4 {wat me goed voor wit leek.}) 23. Qe2 Nf6 24.
Bxf5 Bxc1 {en nu zag ik alleen} 25. Be6 ({De engine geeft als sterker eerst} 
25. Nfe4 Kg7 {en dan pas} 26. Be6 {met voordeel.}) 25... Qxb2 {wat me eerder
beter voor zwart leek.}) 22... Nf6 {Ik stond hier voor een moeilijke keuze.}
23. Kh2 ({Ik had pion d5 kunnen dekken met} 23. Bf3 {maar dan vond ik} Qa6 {
met de dreiging Dd3 lastig.}) (23. Kh1 {vertrouwde ik niet omdat zwart
wellicht een paard kan omspelen naar f5. Bijv. na} Nh6 24. Bf3 Bd7) 23... Nxd5
24. Ng4 $1 Qb4 {We wisten na afloop niet of dit een sterke zet was of niet. We
spelen allebei op winst.} ({Wendingen met Pxf4 zijn allemaal onduidelijk. Een
remisevariant van de engine is bijv.} 24... Bxg4 25. hxg4 Nxf4 26. Rxf4 Be5 ({
Eerst} 26... Rxe2 {is onduidelijk.}) 27. Kh1 Bxf4 28. Qxf4 Rxe2 29. Nc3 Re5 30.
Rf1 Ng5 31. Qf8+ Kh7 32. Nd5 Rxd5 33. Qe7+ Kh6 34. Qf8+) 25. Qxb4 ({Gertjan
dacht tijdens de partij dat} 25. Nc3 {sterker was. Maar we misten} Ne3 26. Rfe1
Nxg4+ 27. Bxg4 Be3 $1) 25... Nxb4 26. Bb5 Re7 27. Nc3 a6 28. Bc4 $1 {met de
dreiging Ph6+.} ({Ik keek ook naar} 28. a3 {maar verwierp het wegens} Bxc3 29.
bxc3 ({of} 29. Rxc3 Nd5) 29... Na2) 28... Bxg4 $2 {Die speelde Gertjan a tempo.
Beter was een koningszet, bijv.} (28... Kg7 29. a3 {en de stelling blijft
onduidelijk.}) 29. hxg4 b5 30. a3 {Na 5 minuten.} ({Ik keek ook naar} 30. Nd5
$5 {maar ik kwam er niet uit na} Re4 {Het is gewoon te moeilijk. De engine
geeft voordeel na} 31. Bb3 Bxb2 32. Rb1 Nxd5 33. Bxd5 Re2 34. Rfe1 Rd2 35. Rbd1
Rxd1 36. Rxd1 {voor wat het waard is.}) 30... bxc4 31. axb4 cxb4 32. Nd5 Re4
33. Rce1 {Ik was heel tevreden dat ik de toren kon ruilen, maar kennelijk is
het niet de beste.} (33. Kh3 Bxb2 34. Rc2 {allemaal erg ingewikkeld.}) 33...
Rxe1 34. Rxe1 Bxb2 35. Nxb4 g5 {Een verrassende zet. We hebben allebei nog een
kwartiertje. Veel te weinig voor zo'n moeilijk eindspel.} ({Ik verwachtte hier
} 35... a5 {maar wit staat beter na} 36. Nd5 c3 (36... a4 37. Nb6 $16) 37. Re8+
Kg7 38. Rc8) 36. Re8+ Kg7 37. Ra8 $2 {A tempo gespeeld.} ({Veel beter was} 37.
Rc8 {bijv.} a5 38. Nd5 gxf4 39. Rxc4 {met voordeel al zal winst problematisch
zijn.}) 37... gxf4 38. Rxa6 Be5 39. Kh3 Bc3 {Gertjan wil pion h4 houden.} (
39... Ng5+ 40. Kxh4 Kg6 {is ongevaarlijk want zwart kan niet zijn loper
omspelen naar f2 of e1.}) 40. Nd5 Be1 41. g5 $1 Nxg5+ 42. Kg4 Nf7 ({Na} 42...
Bd2 43. Nxf4 h3 44. gxh3 Bxf4 45. Kxf4 Nxh3+ 46. Kf5 {zal het wel remise zijn,
al ziet het er nog een beetje lastig uit omdat het zwarte paard is afgesneden.}
) 43. Kxf4 Bg3+ ({Veiliger lijkt} 43... Kg6) 44. Kf5 Nh6+ 45. Ke4 Ng4 46. Kf5 {
Nog een winstpoging.} (46. Rc6 Nf6+ 47. Nxf6 Kxf6 48. Rxc4 Ke6 {is potremise.})
46... Nh6+ 47. Ke6 {Maar dit leidt tot niks.} ({De enige poging is} 47. Kg5
Nf7+ 48. Kh5 {maar hoe serieus dit is, durf ik niet te zeggen. In tijdnood kan
echter alles gebeuren.}) 47... Kg6 48. Rc6 Nf5 49. Rxc4 Ng7+ 50. Kd7 Kg5 51.
Ne3 Nf5 52. Rg4+ Kh5 53. Re4 {met remiseaanbod dat Gertjan meteen accepteerde.
Alje won van Blanchard en de nrs. 1 en 2, Arno en Michael, wonnen allebei
zodat er niets in de stand veranderde.} 1/2-1/2

[Event "Caissa-Soest"]
[Site "?"]
[Date "2017.02.04"]
[Round "6"]
[White "Witt, Rob"]
[Black "Nooijen, Jos"]
[Result "0-1"]
[WhiteElo "2202"]
[BlackElo "2142"]
[Annotator "Witt"]
[PlyCount "114"]
[EventDate "2017.??.??"]

{Aan bord 8 had ik gehoopt mijn oude rivaal Prof. Dr. Ir. Max Viergever te
treffen. Ik had met hem en Job de Lange twee beslissingsdriekampen nodig om
jeugdkampioen van Nederland te worden in 1970. Ik heb hem daarna nooit meer
gesproken. Helaas zat hij aan bord 9.} 1. Nf3 Nf6 2. c4 e6 3. Nc3 d5 4. d4 Be7
5. Bf4 O-O 6. e3 c6 7. Qc2 Nbd7 8. Bd3 Re8 9. h3 Nf8 10. O-O Ng6 11. Bh2 {
De meest gespeelde zet, maar misschien is Lg3 iets beter.} Bd6 12. Ne5 (12.
Bxd6 Qxd6 13. c5 {was het alternatief.}) 12... dxc4 13. Bxc4 b5 14. Bd3 Bb7 15.
Bxg6 {Na een kwartiertje besloot ik op de zwarte velden te spelen.} ({Gewoon
verder ontwikkelen kon ook.} 15. Rac1 a6 16. Rfd1) 15... hxg6 16. Nd3 Bxh2+ 17.
Kxh2 b4 $6 {Een dubieuze zet. Zwart wil zijn slechte loper ruilen voor een
paard, maar dat gaat ten koste van zijn pionnenstructuur.} 18. Na4 Ba6 19. Nac5
Qd6+ 20. g3 {Ik koos niet voor Kg1 omdat zwart dan misschien een keer g6-g5-g4
kan spelen. De engine is het niet met me eens.} Bb5 {Na een kwartier. Meteen
op d3 ruilen was beter geweest.} 21. Rfd1 (21. Rfc1 {lijkt me achteraf toch
wel logischer omdat na} Bxd3 22. Nxd3 Rec8 23. Qc5 {heel goed lijkt.}) 21...
Bxd3 {Opnieuw na bijna een kwartier. Zwart wil bij nader inzien dit paard niet
op e5 hebben.} 22. Nxd3 Rec8 23. Rac1 $6 {Een luie zet.} ({Het plan van de
engine heb ik niet overwogen.} 23. a3 bxa3 24. Rxa3 {Dit ziet er prima uit.})
23... Rab8 $6 ({Beter is} 23... a5 {al staat wit duidelijk beter.}) 24. Qa4 Ne4
{Wit nog 40 minuten, zwart 25. Zijn laatste zet had zwart snel gespeeld en
kwam onverwacht. Ik raakte enigszins in verwarring. Ik dacht na een
kwartiertje zelfs dat mijn laatste zet fout was en ik besloot terug te gaan.}
25. Qc2 ({Mijn eerste gedachte} 25. Qxa7 {leek me ineens twijfelachtig na} Ra8
26. Qb7 Qd5 {Ten onrechte. Ik miste hier het sterke} 27. Ne5 Ng5 (27... Rf8 28.
Rxc6 Rab8 29. Qc7) 28. Rc5 Qe4 29. h4 Nf3+ (29... f6 30. hxg5 fxe5 31. Rd2) 30.
Nxf3 Qxf3 31. Rd2 {met groot voordeel.}) ({Mijn tegenstander noemde na afloop} 
25. Ne5 {Die heb ik totaal niet overwogen. Waarschijnlijk omdat dat paard pion
f2 dekt, maar zwart kan die niet slaan wegens Tf1.}) 25... Rb5 $6 {Na 7
minuten.} 26. Nc5 $2 {Bijna a tempo deze rotzet.} ({Goed was} 26. Ne5 $16 {
waarna Pe4 en pion c6 instaan.}) 26... Nxc5 27. dxc5 Qe5 {Ik zat hier te balen
dat de structuur van de stelling totaal veranderd was in vergelijking met
enkele zetten eerder. Toch heb ik hier nog een klein plusje.} 28. Rd3 $6 {
Om b4-b3 eruit te halen.} ({Gewoon} 28. b3 {was beter.}) 28... Rcb8 {Na 5
minuten.} ({Zwart had toch} 28... b3 {kunnen spelen wat ik zag terwijl hij
nadacht.} 29. Rxb3 Rxb3 30. axb3 Rb8 {met voldoende compensatie voor de pion.})
29. f4 (29. b3) 29... Qh5 {A tempo.} (29... Qc7) 30. g4 Qh4 31. Qg2 $2 {
Na 4 minuten. Het drong niet tot me door dat Dh4 ook veld d8 bestrijkt.} ({
Anders had ik wel de d-lijn gepakt met} 31. Qd2 {Al heeft wit niks na} e5 $1)
31... b3 32. a3 {A tempo gespeeld.} ({De engine geeft} 32. a4 $1 Rb4 33. Qxc6 {
Maar dat is nog niet zo duidelijk na} e5 $1) 32... Rd8 {Die kwam dus als een
verrassing.} 33. Rdc3 $2 {Na 4 minuten deze verschrikkelijke zet. Ik dacht dat
ik na andere zetten pion c5 verloor, maar dat is onzin.} ({Ik keek eerst naar} 
33. Rxd8+ Qxd8 34. Rc3 Qd1 35. Qxc6 {maar schrok toen van} Qd2+ 36. Qg2 ({
Ik vergat te kijken naar} 36. Kg3 {wat remise is. Zwart kan niet op winst
spelen met} Qxb2 $2 {want dan is zwart in grote problemen na} 37. Qe8+ Kh7 38.
Rd3 $1) 36... Qxc3 {en zwart wint dacht ik. Maar zelfs dat is niet waar.} 37.
bxc3 b2 38. c6 b1=Q 39. c7 Rc5 40. Qa8+ Kh7 41. c8=Q Qb2+ 42. Kg3 Rxc8 43. Qxc8
Qxa3 {en dit zal remise zijn.}) ({Niet gekeken naar} 33. Rd4 {bijv.} Rd5 34.
Rxd5 exd5 35. Qd2 a5 36. Kg2 Qe7 37. Qd4 $11) ({Idem} 33. Rd6 {bijv.} Rxd6 34.
cxd6 Rd5 35. Rxc6 Qe1 36. Qxd5 exd5 37. Rc8+ Kh7 38. d7 $11) 33... Rd5 34. e4
Rd4 {Zwart dreigt Dd8.} 35. Rc4 $2 {Nu kom ik verloren te staan. Maar na
andere zetten heb ik het ook moeilijk.} Qd8 $19 {Er was geen sprake van
tijdnood. Beiden hebben hier nog 8 minuten.} 36. Rxd4 Qxd4 37. Qe2 Rxc5 38.
Rxc5 Qxc5 39. Kg3 Qc2 {Na 4 minuten.} ({Makkelijker was} 39... Qd4 $1 $19 {
en met de c-pion lopen.}) 40. Kf3 Kf8 {Ook niet zo handig, maar zijn seconden
begonnen weg te tikken.} ({Beter was} 40... c5 41. Ke3 Qc1+ 42. Qd2 Qg1+) 41.
Ke3 $6 ({Misschien is het na} 41. e5 {nog niet zo makkelijk.}) 41... Qc5+ ({
De engine geeft} 41... e5 $1) 42. Kd3 (42. Kf3 Qd4) 42... a5 $2 {Onnodig.} (
42... e5 $1 {wint meteen want het pionneneindspel is uit na} 43. fxe5 Qb5+ 44.
Ke3 Qxe2+ 45. Kxe2 Ke7 $19 {enz.}) 43. Qd2 e5 {Ook nu lijkt dit een mooie zet,
maar niet meteen uit.} (43... f5 $5) 44. fxe5 Qxe5 $6 {Maakt de winst
moeilijker.} ({Eerst} 44... Ke7 $17 {was nodig.}) 45. Qc3 Qb5+ 46. Kd4 $2 {
Achteraf lijkt dit de verliezende zet te zijn.} ({Ik dacht even dat wit hier
misschien remise kan maken met} 46. Qc4 {Maar het pionneneindspel na} Ke7 47.
a4 Qxc4+ 48. Kxc4 Kd6 49. Kxb3 Kc5 50. Kc3 g5 {taxeerde ik als gewonnen voor
zwart omdat zwart een vrije f-pion kan maken. Misschien is het toch remise als
de volgende variant klopt.} 51. e5 Kd5 52. b4 Kxe5 53. bxa5 Kd6 54. Kd4 g6 55.
a6 Kc7 56. a7 Kb7 57. Ke5 Kxa7 58. Kf6 Kb6 (58... c5 59. Ke5 Kb6 60. Kd5 f5 61.
gxf5 gxf5 62. a5+ Kb5 63. a6 Kxa6 64. Kxc5 {is remise.}) 59. Kxg5 c5 60. Kf4
Ka5 61. Ke4 (61. Ke3 $4 g5 $19) 61... Kxa4 (61... f5+ 62. gxf5 gxf5+ 63. Ke3
Kxa4 64. h4 c4 65. h5 f4+ 66. Kf3 {is remise.}) 62. h4 c4 63. h5 c3 64. h6 c2
65. h7 c1=Q 66. h8=Q {En dit zal ook wel remise zijn.}) 46... Ke7 47. Qc5+ $2 (
47. Ke3 $17) 47... Ke6 {Na 4 minuten.} ({Slecht gerekend door beide spelers.
Zwart kon gewoon ruilen.} 47... Qxc5+ 48. Kxc5 Ke6 49. Kb6 Ke5 ({
Waarschijnlijk hebben we allebei alleen naar} 49... a4 {gekeken en dat is
remise.}) 50. Kxa5 c5 {met makkelijke winst.}) 48. Qf8 {Na 8 minuten.} ({
Het pionneneindspel is verloren.} 48. Qxb5 cxb5 49. Kc5 Ke5 50. Kxb5 Kxe4 51.
Ka4 f5 $19) 48... Qe5+ 49. Kc4 (49. Ke3 Qg3+ 50. Ke2 Qxh3 {leek me ook
kansloos.}) 49... Qxb2 50. Qe8+ Kf6 51. Qd8+ $2 {Na 6 minuten.} ({Ik geloof
dat ik het hier al min of meer opgegeven had. Taaier was} 51. h4 {Ik begrijp
niet waarom ik dat niet overwogen heb. Zwart moet heel nauwkeurig spelen om te
winnen.}) 51... Ke5 52. Qe7+ (52. Qxa5+ {heb ik niet eens gezien, al verliest
dat ook.}) 52... Kf4 53. Qxf7+ Ke3 54. Qa7+ Kxe4 55. Qe7+ Kf3 56. Qe6 Qc2+ 57.
Kd4 Qd2+ {En ik feliciteerde mijn tegenstander. Een frusterende partij en een
frusterende wedstrijd die we met 6½-3½ verloren. We zijn nu in ernstig
degradatiegevaar.} 0-1